| 000 | 00916nam a2200265 a 4500 | ||
|---|---|---|---|
| 001 | BRCA_8014 | ||
| 005 | 20190320210109.0 | ||
| 008 | 190314s1970----nyua###f##---#001-0#eng-# | ||
| 041 | _aeng | ||
| 044 | _anyu | ||
| 050 | 4 |
_aNB1160 _b.G624 _c1970 |
|
| 100 | 1 |
_aGoldsmith Phillips, John _919904 |
|
| 245 | 1 | 0 |
_aCanova´s reclining naiad _cJohn Goldsmith Phillips. |
| 260 |
_aNew York _bThe Metropolitan Museum of Art _c1970 |
||
| 300 |
_a32 p. _bil. _c25 cm. |
||
| 440 | 0 |
_aSummer Bulletin 1970 _919905 |
|
| 500 | _a3147 | ||
| 500 | _aEn portada : deep dish valencian (Manices) 1450-1470, diameter 18 1/4 inches. The Closter Collection | ||
| 500 | _aPublicación periódica inventariada como libro por el Banco de México | ||
| 600 | 1 | 4 |
_aCanova, Antonio _y1757-1822 _919906 |
| 650 | 1 | 4 |
_aEscultores italianos _97653 |
| 650 | 1 | 4 |
_aEscultura _vTécnicas y diseños _zItalia _919907 |
| 902 | _aGFM | ||
| 942 |
_2lcc _cB |
||
| 999 |
_c7683 _d7683 |
||